Kerala murals / (Record no. 96803)

MARC details
000 -LEADER
fixed length control field 00968nam a22002657a 4500
005 - DATE AND TIME OF LATEST TRANSACTION
control field 20151020115823.0
010 ## - LCCN (DPL NO)
LC control number ENG-114018
020 ## - INTERNATIONAL STANDARD BOOK NUMBER
Terms of availability 650.00
International Standard Book Number 9789350864883
035 ## - SYSTEM CONTROL NUMBER
System control number EN-97550
037 ## - SOURCE OF ACQUISITION
Source of stock number/acquisition DBAD/PUB
082 ## - DEWEY DECIMAL CLASSIFICATION NUMBER
Classification number 751.73095433
100 ## - MAIN ENTRY--PERSONAL NAME
Personal name Nambirajan, M.
245 ## - TITLE STATEMENT
Title Kerala murals /
Statement of responsibility, etc by M.Nambirajan [and] S. Suresh
260 ## - PUBLICATION, DISTRIBUTION, ETC. (IMPRINT)
Place of publication, distribution, etc New Delhi
Name of publisher, distributor, etc Archaeological Survey of India
Date of publication, distribution, etc 2015
270 ## - ADDRESS
Address Janpath
City New Delhi
Postal code 110001
300 ## - PHYSICAL DESCRIPTION
Extent 300p.:
Dimensions 27cm(Hb)
Other physical details col. ill.,map(col.)
500 ## - GENERAL NOTE
General note Includes bibliographical references (page 298).
650 ## - SUBJECT ADDED ENTRY--TOPICAL TERM
Topical term or geographic name as entry element Hindu mural painting and decoration
Geographic subdivision India
-- Kerala
Form subdivision Catalogs.
650 ## - SUBJECT ADDED ENTRY--TOPICAL TERM
Topical term or geographic name as entry element Mural painting and decoration, Indic
Geographic subdivision India
-- Kerala
Form subdivision Catalogs.
650 ## - SUBJECT ADDED ENTRY--TOPICAL TERM
Topical term or geographic name as entry element Hindu temples
Geographic subdivision India
-- Kerala.
650 ## - SUBJECT ADDED ENTRY--TOPICAL TERM
Topical term or geographic name as entry element Siva (Hindu deity)
Form subdivision Art
-- Catalogs.
700 ## - ADDED ENTRY--PERSONAL NAME
Personal name Suresh, S.
710 ## - ADDED ENTRY--CORPORATE NAME
Corporate name or jurisdiction name as entry element Archæological Survey of India,
Relator term issuing body.
942 ## - ADDED ENTRY ELEMENTS (KOHA)
Source of classification or shelving scheme Dewey Decimal Classification
Item type English Books
Call number suffix NAM
Classification part 751.73095433
Holdings
Withdrawn status Lost status Not for loan Collection code Home library Current library Date acquired Source of acquisition Cost, normal purchase price Full call number Barcode Copy number Cost, replacement price Koha item type
    Not For Loan Non-fiction D.B.Act.Division D.B.Act.Division 11/09/2015 DBAD/PUB 650.00 751.73095433 NAM EN-97550 1 650.00 English Books

© Delhi Public Library
Hit Counter
free hit counter